| 000 | 00831nam a22002657a 4500 | ||
|---|---|---|---|
| 003 | CBULib | ||
| 005 | 20240925082126.0 | ||
| 008 | 231027b |||||||| |||| 00| 0 eng d | ||
| 020 | _a9781138285767 | ||
| 040 |
_bEnglish _cCBULib _erda |
||
| 050 | _aHD 1471 Han | ||
| 100 | _aHancock, James F. | ||
| 245 |
_aPlantation crops, plunder and power : evolution and exploitation _c/ by James F. Hancock |
||
| 260 |
_bRoutledge, _c2017 _aNew York: |
||
| 300 | _bxiii,196 pagers : illustrations | ||
| 336 |
_2rdacontent _aText | _btxt |
||
| 337 |
_2rdamedia _aUnmediated | _bn |
||
| 338 |
_2rdacarrier _aVolume _bnc |
||
| 650 | 0 |
_91534 _aPLANTATIONS |
|
| 650 | 0 |
_91535 _aTROPICAL CROPS |
|
| 650 | 0 |
_91536 _aAGRICULTURE--SOCIAL ASPECTS |
|
| 650 | 0 |
_91537 _aAGRICULTURE AND POLITICS |
|
| 650 | 0 |
_91538 _aAGRICULTURE |
|
| 942 |
_2lcc _c002 |
||
| 999 |
_c81490 _d81490 |
||